Quizzes
Events
Quiz Creation
Community
Videos
Private Events
Remove Ads
Sign In
Join for FREE
Feedback
Dark Mode
Quiz Categories
Sports
Geography
Music
Movies
Television
Just For Fun
Miscellaneous
History
Literature
Language
Science
Gaming
Entertainment
Religion
Holiday
For Kids
Quiz Lab
Recent
Popular Today
Quiz Kudos Today
Editor Picks
Curator Picks
Quizzes by...
Day
Popularity
Type
Ratings
Length
Year
Community
Subscriptions
Recent Discussions
Orange Saloon
Badges
Playlists
Quests
Create
Leaderboards
Showdown
Live 5
Trivia Bingo
Activity
Puzzle Library
Sporcle Events
Private Events
Virtual Trivia
Globe League
Become a Host
Pub Owners
SporcleCon
Opinionation
Our Games
Videos
Blog
Mobile Apps
Partnerships
Remove Ads and Go Orange
Feedback
Movies
Disney
Marvel Cinematic Universe
Movie Resume
Movie Titles
Oscar
Actor
Actress
Director
Pixar
Role
Movie Quotes
Movie Characters
Box Office
Nominee
Best Picture
Star Wars
James Bond
Horror Movies
Movies
Disney
Marvel Cinematic Universe
Movie Resume
Movie Titles
Oscar
Actor
Actress
Director
Pixar
Role
Movie Quotes
Movie Characters
Box Office
Nominee
Best Picture
Star Wars
James Bond
Horror Movies
Random Quiz
Search Sporcle
×
Quiz Lab
Quiz Lab
Movies
Cast
Type in answers that appear in a list
Type in answers that appear in a list
Classic
Best Score? Go Orange.
Guess the Marc Forster films Casts Stats
Can you Guess the Marc Forster films Casts?
By
MajorThankYou12
15m
128 Questions
66 Plays
66 Plays
66 Plays
Comments
Comments
Give Quiz Kudos
Give Quiz Kudos
-
- Ratings
hide this ad
Replay
Link that replays current quiz
Next Quiz
Link to next quiz in quiz playlist
You Got
0%
They Got
Avg Score
26%
Avg Friend Score
Upgrade to see
Score Distribution
Jump to the score distribution portion of the page
Score
0/128
Timer
15:00
0
Plays Today
Hint
Answer
% Correct
Monster's Ball (2001)
Halle Berry
95.5%
Finding Neverland (2004)
Johnny Depp
95.5%
World War Z (2013)
Brad Pitt
95.5%
Finding Neverland (2004)
Kate Winslet
93.9%
Quantum of Solace (2008)
Daniel Craig
93.9%
Christopher Robin (2018)
Matt Berry
92.4%
Stay (2005)
Ewan McGregor
89.4%
Christopher Robin (2018)
Ewan McGregor
89.4%
Quantum of Solace (2008)
Judi Dench
86.4%
Stranger than Fiction (2006)
Will Ferrell
84.8%
A Man Called Otto (2022)
Tom Hanks
83.3%
Monster's Ball (2001)
Billy Bob Thornton
81.8%
Stranger than Fiction (2006)
Emma Thompson
72.7%
Finding Neverland (2004)
Dustin Hoffman
71.2%
Stranger than Fiction (2006)
Dustin Hoffman
71.2%
Monster's Ball (2001)
Heath Ledger
69.7%
Finding Neverland (2004)
Freddie Highmore
59.1%
Quantum of Solace (2008)
Jeffrey Wright
57.6%
Stranger than Fiction (2006)
Maggie Gyllenhaal
53%
Machine Gun Preacher (2011)
Gerard Butler
53%
Christopher Robin (2018)
Hayley Atwell
53%
Finding Neverland (2004)
Julie Christie
51.5%
Quantum of Solace (2008)
Olga Kurylenko
48.5%
Finding Neverland (2004)
Matt Green
45.5%
World War Z (2013)
Mireille Enos
45.5%
A Man Called Otto (2022)
Peter Lawson Jones
42.9%
Monster's Ball (2001)
Sean Combs
42.4%
Stay (2005)
Ryan Gosling
40.9%
Stranger than Fiction (2006)
Queen Latifah
40.9%
Quantum of Solace (2008)
Gemma Arterton
40.9%
Christopher Robin (2018)
Jim Cummings
37.9%
Stay (2005)
Naomi Watts
36.4%
World War Z (2013)
Ruth Negga
36.4%
Finding Neverland (2004)
Toby Jones
34.8%
Quantum of Solace (2008)
Rory Kinnear
34.8%
World War Z (2013)
Peter Capaldi
34.8%
Christopher Robin (2018)
Peter Capaldi
34.8%
Christopher Robin (2018)
Toby Jones
34.8%
Monster's Ball (2001)
Peter Boyle
33.3%
Christopher Robin (2018)
Brad Garrett
33.3%
World War Z (2013)
David Morse
31.8%
World War Z (2013)
Matthew Fox
30.3%
Quantum of Solace (2008)
David Harbour
28.8%
Hint
Answer
% Correct
Stranger than Fiction (2006)
Linda Hunt
25.8%
Quantum of Solace (2008)
Giancarlo Giannini
25.8%
Finding Neverland (2004)
Kelly MacDonald
24.2%
Machine Gun Preacher (2011)
Michael Shannon
24.2%
Stranger than Fiction (2006)
Tom Hulce
22.7%
Quantum of Solace (2008)
Mathieu Amalric
22.7%
Machine Gun Preacher (2011)
Michelle Monaghan
22.7%
World War Z (2013)
James Badge Dale
22.7%
All I See Is You (2016)
Blake Lively
22.7%
A Man Called Otto (2022)
Mariana Treviño
22.2%
A Man Called Otto (2022)
Manuel Garcia-Rulfo
21.4%
Everything Put Together (2000)
Radha Mitchell
21.2%
Monster's Ball (2001)
Mos Def
21.2%
Finding Neverland (2004)
Radha Mitchell
21.2%
Stay (2005)
Bob Hoskins
21.2%
Stay (2005)
Sterling K. Brown
21.2%
All I See Is You (2016)
Jason Clarke
21.2%
Christopher Robin (2018)
Sophie Okonedo
21.2%
Christopher Robin (2018)
Mark Gatiss
21.2%
Stranger than Fiction (2006)
Tony Hale
19.7%
All I See Is You (2016)
Yvonne Strahovski
18.2%
Quantum of Solace (2008)
Jesper Christensen
16.7%
Everything Put Together (2000)
Octavia Spencer
15.2%
Finding Neverland (2004)
Ian Hart
15.2%
Finding Neverland (2004)
Mackenzie Crook
15.2%
World War Z (2013)
Danielle Kertesz
15.2%
Christopher Robin (2018)
Mackenzie Crook
15.2%
A Man Called Otto (2022)
Cameron Britton
14.3%
A Man Called Otto (2022)
Mike Birbiglia
14.3%
Everything Put Together (2000)
Mark Boone Junior
13.6%
Everything Put Together (2000)
Catherine Lloyd Burns
12.1%
Finding Neverland (2004)
Angus Barnett
12.1%
Finding Neverland (2004)
Eileen Essell
12.1%
Stay (2005)
Elizabeth Reaser
12.1%
Stay (2005)
B.D. Wong
12.1%
Stay (2005)
Mark Margolis
12.1%
The Kite Runner (2007)
Shaun Toub
12.1%
Quantum of Solace (2008)
Tim Pigott-Smith
12.1%
Machine Gun Preacher (2011)
Kathy Baker
12.1%
World War Z (2013)
Pierfrancisco Favino
12.1%
All I See Is You (2016)
Danny Huston
12.1%
Everything Put Together (2000)
Megan Mullally
10.6%
Finding Neverland (2004)
Paul Whitehouse
10.6%
Hint
Answer
% Correct
Stay (2005)
Kate Burton
10.6%
Stay (2005)
Amy Sedaris
10.6%
Stay (2005)
Isaach de Bankole
10.6%
Stranger than Fiction (2006)
Kristin Chenoweth
10.6%
The Kite Runner (2007)
Atossa Leoni
10.6%
The Kite Runner (2007)
Said Taghmaoui
10.6%
World War Z (2013)
Elyes Gabel
10.6%
World War Z (2013)
David Andrews
10.6%
Everything Put Together (2000)
Louis Ferreira
9.1%
Everything Put Together (2000)
Matt Malloy
9.1%
Everything Put Together (2000)
Michele Hicks
9.1%
Everything Put Together (2000)
Alan Ruck
9.1%
Finding Neverland (2004)
Kate Maberly
9.1%
Finding Neverland (2004)
Tim Potter
9.1%
Finding Neverland (2004)
Jane Booker
9.1%
Finding Neverland (2004)
Jimmy Gardner
9.1%
Stay (2005)
Janeane Garofalo
9.1%
The Kite Runner (2007)
Khalid Abdalla
9.1%
The Kite Runner (2007)
Homayoun Ershadi
9.1%
The Kite Runner (2007)
Zekiria Ebrahimi
9.1%
Quantum of Solace (2008)
Anatole Taubman
9.1%
Quantum of Solace (2008)
Joaquin Cosio
9.1%
Machine Gun Preacher (2011)
Madeline Carroll
9.1%
Machine Gun Preacher (2011)
Souleymane Sy Savane
9.1%
World War Z (2013)
Ludi Boeken
9.1%
World War Z (2013)
Fana Mokoena
9.1%
World War Z (2013)
Moritz Bleibtreu
9.1%
All I See Is You (2016)
Ahna O'Reilly
9.1%
Christopher Robin (2018)
Bronte Carmichael
9.1%
Christopher Robin (2018)
Nick Mohammed
9.1%
Christopher Robin (2018)
Oliver Ford Davies
9.1%
The Kite Runner (2007)
Ahmad Khan Mahmoodzada
7.6%
Machine Gun Preacher (2011)
Mandalynn Carlson
7.6%
World War Z (2013)
Sterling Jerins
7.6%
All I See Is You (2016)
Wes Chatham
7.6%
Christopher Robin (2018)
Sara Sheen
7.6%
Christopher Robin (2018)
Adrian Scarborough
7.6%
Christopher Robin (2018)
Roger Ashton-Griffiths
7.6%
World War Z (2013)
Michiel Huisman
7.6%
A Man Called Otto (2022)
Rachel Keller
7.1%
A Man Called Otto (2022)
Juanita Jennings
7.1%
Machine Gun Preacher (2011)
Rhema Marvanne
4.5%
Quiz Playlist
Details
Report
Send in Message
Add To Playlist
Classic:
Type in answers that appear in a list
Last Updated: Sep 13, 2019
Quiz Scoreboard
CHALLENGE
Sign Up to Join the Scoreboard
Show All
Scores
Hide
Comments
May contain spoilers
Recently Published
College Basketball Coaching Resumes
by pancakes188
Sports
9m
Billboard Blitz: Fleetwood Mac
by CooCooCachoo
Music
15s
Presidents Visiting Landmarks
by Hejman
History
7m
More to Explore
Quiz From the Vault
Featured Blog Post
Where Did the Easter Bunny Come From?
hide this ad
You Might Also Like...
Tags
Cast Quiz
marc
Today's Top Quizzes in Movies
Browse Movies
hide this ad
Today's Top Quizzes in Cast
Browse Cast
Top Contributed Quizzes in Movies
1
Pick 5 Posters: Directed by Spielberg
2
7-to-1: Pixar Characters
3
Pick 5 Posters: Lowest-Rated Spielberg
4
Sorting Actors
5
Pick 5 Posters: Directed by Scorsese
6
Sorting Actresses
7
Pick 5 Posters: Star & Director
8
Pick 5 Posters: Women Directed 2020s
9
12 Movies about Fictional 1960s Events
10
Multi-Oscar Nominations, One Movie, One Winner
Explore More
Trending Topics
Anime
Marvel
Kpop
NBA
Harry Potter
Crossword
Disney
Puzzle
Pokémon
NFL
WWE
Country
Soccer
Song
The Office
hide this ad
More By:
MajorThankYou12
Quiz
Plays
Rating
Category
Featured
Created
Wes Anderson Films Crossword
1,791
4.80
Movies
Feb 14, 2020
All-Star Casts: The Dark Knight
1,202
5.00
Movies
Jul 12, 2023
Dreamworks Animations Films Crossword
871
5.00
Movies
Feb 1, 2020
Studio Ghibli Films Crossword
804
4.83
Movies
Feb 3, 2020
Guess the Illumination Entertainment casts
795
5.00
Movies
Oct 31, 2018
Go to Creator's Profile
Score Distribution
Quiz Creator Spotlight
MajorThankYou12
Follow
Send a Message
Quizzes Created
-
Created Quiz Play Count
-
More By This Creator
Popular Quizzes Today
1
Find the US States - No Outlines Minefield
2
Find the Countries of Europe - No Outlines Minefield
3
The Countries of the World
4
Find the US States
5
Risky Map Clicking: Biggest States A-Z
6
US States
7
Popular People in 1961
8
Movies - When Are They Set?
More Movies Quizzes
2019 Movies By Taglines
Quiz Lab
Trending Quizzes
Risky Map Clicking: Least Populous States A-Z
1-10 Letter G Words
1-10 Letter F Words
Risky Map Clicking: Next State Alphabetically
Risky Map Clicking: Biggest States A-Z
Recently Updated
Leaping Animals
pecheneg
Reality TV Shows (A-Z)
bhenderson79
Rickey Henderson's Hall of Fame Teammates
pecheneg
Champions League XIs: Arsenal
pecheneg
Quick Pick: Celebrities in WWE's Hall of Fame
aduchscher
A-Z Keypad Blitz II
pecheneg
Multiple Oscar Actors
pecheneg
Mystery Phrase Blitz: Oscar 'Best Actors'
pecheneg
F. Scott Fitzgerald Novels
LTH
Pick 3 Villains
ddd62291
Trending Topics
NBA
Marvel
Disney
Anime
Harry Potter
Kpop
Crossword
Soccer
NFL
Pokémon
Country
WWE
Song
Puzzle
The Office
Your Account Isn't Verified!
In order to create a playlist on Sporcle, you need to verify the email address you used during registration. Go to your
Sporcle Settings
to finish the process.
Report this User
Report this user for behavior that violates our
Community Guidelines
.
Details:
Send Report
Go to the Sporcle.com Mobile Site →
Comments